000 00989nam a2200229Ia 4500
003 GCL
005 20240530103854.0
008 140319s9999 xx 000 0 ara d
040 _aGCL /
_cGCL
082 0 4 _a301.4314
_bم ط
110 0 _aالجمعية الكويتية لتقدم الطفولة العربية
245 1 0 _aالطفل والمجتمع : دراسات فى التنشئة الاجتماعية للاطفال /
_cالجمعية الكويتية لتقدم الطفولة العربية ؛ تحرير محمد جواد رضا
250 _aالاولى
260 _aالقاهرة :
_bالجمعية الكويتية لتقدم الطفولة العربية ،
_c1993
300 _a559ص ؛
_c24سم
650 0 4 _aالاجتماع
650 0 4 _aعلم النفس الاجتماعى
650 0 4 _aالاطفال - علم نفس
650 0 4 _aالطفل - التنشئة الاجتماعية
700 0 _aمحمد جواد رضا
_eمحرر
942 _2ddc
_cBK
999 _c43128
_d43128